000 01083nam a2200349 a 4500
001 dia_2690
003 CHAP
005 20231002123947.0
007 ta
008 220117s1980 ctuado fr 001 0 eng d
010 _a173209
020 _a0-87055-338-0
040 _cCHAP
_amxchpua
050 _aTP371
_b.T65 1980
082 _a664
_bT65 1980
_220
100 1 _aToledo, Romeo T.
_9113641
_eautor
245 1 0 _aFundamentals of food process engineering /
_cRomeo T. Toledo
250 _a1a edición
260 _aConnecticut, Estados Unidos de América :
_bAVI,
_c1980
300 _aix, 409 páginas :
_bilustraciones, gráficas, diagramas, tablas, fotos
336 _2rdacontent
_atexto
_btxt
337 _2rdamedia
_asin medio
_bn
338 _2rdacarrier
_avolumen
_bnc
504 _aIncluye bibliografías
650 1 3 _aAlimentos
_xIndustria y comercio
_9131091
650 1 3 _aFoods
_xIndustry and trade
_9153359
901 _a664 T65 1980
902 _aM
905 _a5232261980 -usnm 8222123322eng16
942 _2ddc
942 _cLIBRO
999 _c173209
_d173209